01455nam a22003377a 4500003000400000005001700004008004100021040002200062082001400084100004700098245004500145260005600190300001800246366000800264490002300272505007400295505011700369505002700486505007600513505010900589505001200698650004100710650005000751650004300801650004800844650004300892650004400935650004800979650004701027650004301074OSt20230413134146.0221006b |||||||| |||| 00| 0 eng d cBiblioteca Lado V a700bK41a aAcosta de Arriba, Rafaeleeditoredirector aArte Cubano/bRevista de Artes Visuales/ bConsejo Nacional de las Artes Plasticasc2001aCuba c22x32cma70p. espa v2001a3x1024 8439 tEl mercado del arte en los márgenes de la ideología y la realidad tRuta CriticaaMoises Finale, las mascaras de la duda 1940 Lester Campa, los derechos de la naturaleza Vomico  tDossier "La Republica" tPensando Alto A cargo de Magaly EspinosaaEl nuevo paradigma estético tEntrevistasaArturo Montoto: nunca me propuse transgredir Fotografía cubana. Una historia... personal tSummary 2Tesauro de Arte & ArquitecturaaARTE 2Tesauro de Arte & ArquitecturaaEXPOSICIONES  2Tesauro de Arte & ArquitecturaaBIENAL 2Tesauro de Arte & ArquitecturaaAPRECIACION 2Tesauro de Arte & ArquitecturaaTEORIA 2Tesauro de Arte & ArquitecturaaCRITICA 2Tesauro de Arte & ArquitecturaaFOTOGRAFIA  2Tesauro de Arte & ArquitecturaaLITERATURA 2Tesauro de Arte & ArquitecturaaCUBANO